| 000 | 01208nam a2200301Ia 4500 | ||
|---|---|---|---|
| 005 | 20220316235222.0 | ||
| 008 | 121119s2002 ck a gr 000 f spa | ||
| 020 | _a9587040511 | ||
| 041 | 1 | _aspa | |
| 100 | 1 |
_aHartling, Peter, _d1933- |
|
| 245 | 1 | 3 |
_aLa abuela _cPeter Hartling ; [traducción, Victor Canicio ; ilustraciones, Ingrid Mizsenko] |
| 250 | _aPrimera edición | ||
| 264 | 1 |
_aBogotá _bEditorial Santillana _c2002 |
|
| 300 |
_a103 páginas _bilustraciones |
||
| 336 |
_atexto _btxt _2rdacontent |
||
| 337 |
_asin mediación _bn _2rdamedia |
||
| 338 |
_avolumen _bnc _2rdacarrier |
||
| 520 | 3 | _aKarli pierde a sus padres en un accidente y es educado por su abuela. Tanto Karli como la abuela tienen que cambiar para adaptarse y convivir sin tensiones. Pero vencen las diferencias y acaban siendo muy buenos amigos. | |
| 534 | _bTitulo original: Oma, di | ||
| 650 | 1 | 4 |
_2LEMB _aNovela alemana _ySiglo XX |
| 650 | 1 | 4 |
_2LEMB _aRelación abuela - nietos _vNovela |
| 650 | 1 | 4 |
_2LEMB _aLiteratura infantil alemana |
| 700 | 1 |
_aCanicio, Victor _etraductor _98000 |
|
| 700 | 1 |
_aMizsenko, Ingrid _eilustrador _9116531 |
|
| 942 |
_2loc _cBKLIT |
||
| 040 |
_aCO-BoRNBP _bspa _erda _cCO-BoRNBP |
||
| 084 | _aN HAR1 | ||
| 999 |
_c262 _d262 |
||